Est-ce à ou de?

Saved in:
Bibliographic Details
Main Author: Lasserre, Eugène
Format: Book
Language:Spanish
Published: Paris : Payot Lausanne, 1973
Textbook Catalogue:MANES:  Library Catalog Search Result
Textbook Classification:
Tags: Add Tag
No Tags, Be the first to tag this record!
Added to:1999-11-29
Changed in:2025-05-07

MARC

LEADER 00000cam a2200000 i 4500
005 20250507134539.0
008 000000s1973 fra fp 000 0 spa d
040 |a uned  |b spa  |c entro-manes 
100 1 |a Lasserre, Eugène  |9 40300 
245 1 0 |a Est-ce à ou de? /   |c E. Lasserre 
260 |a Paris :   |b Payot Lausanne,   |c 1973 
300 |a [1] v. 
505 1 |a Contiene:   |g V. 2.   |t Exercices sur les verbes, adjectifs et locutions se construisant avec une préposition 
546 |a España 
561 |5 es-BUNED  |3 L.T.M. 2577  |a España. Fondo Manes UNED  |k MANES 
690 0 |a LE 
942 |2 ddc  |c BK 
999 |c 96939  |d 96939 
999 |c manes:96939  |d 96939